Statistics for American Boy - Estelle ft. Kanye West

Click here to take the quiz!

General Stats

  • This quiz has been taken 446 times
    (438 since last reset)
  • The average score is 357 of 500

Answer Stats

American Boy% Correct
a
99%
I
99%
to
99%
me
97%
on
95%
The
95%
the
95%
you
95%
You
95%
Am
94%
American
94%
So
94%
boy
93%
boy?
93%
go
93%
my
92%
be
91%
LA
91%
take
91%
ChorusTake
91%
it
90%
really
90%
Who
90%
with
90%
in
89%
K
89%
Like
89%
like
89%
New
89%
new
89%
no
89%
down
88%
just
88%
Just
88%
see
87%
some
87%
trip
87%
want
86%
we
86%
We
86%
York
86%
this
85%
IntroThis
85%
come
83%
he
83%
Verse 1He
83%
I'd
83%
day
82%
now
82%
now?
82%
love
81%
Estelle
80%
get
80%
London
80%
Don't
76%
don't
76%
what
76%
right
75%
said
73%
them
73%
town
73%
bout'
71%
but
71%
But
71%
champion
71%
world
71%
all
70%
Hey
70%
I'm
70%
Sister
70%
what's
70%
What's
70%
he's
69%
his
69%
hottest
69%
is
69%
it's
69%
meet
69%
ya
69%
And
68%
and
68%
guy
68%
met
68%
type
68%
jeans
67%
kick
67%
You'll
67%
your
67%
one
66%
underneath
66%
5
65%
7
65%
baggy
65%
nice
65%
Tell
65%
tell
65%
who's
65%
pea
64%
speak
64%
way
64%
confidence
63%
fuck
63%
touched
63%
UK?
63%
Post-ChorusWill
63%
foot
62%
of
62%
say
62%
that
62%
Ain't
61%
ain't
61%
fool
61%
then
61%
number
60%
peakin'
60%
act
59%
hear
59%
know
59%
speakin'
59%
Cause
58%
cause
58%
Cool
58%
out
58%
sound
58%
floor
57%
they
57%
Everybody
56%
gonna
56%
likin'
56%
been
55%
most
55%
seats
55%
at
54%
press
54%
clothes
53%
Look
53%
never
53%
nothing
53%
sold
53%
always
52%
em'
52%
thinkin'
52%
ow
51%
heard
50%
Reluctantly
50%
about
49%
good
49%
hand
49%
talk
49%
Verse 2Can
48%
once
48%
give
47%
hood
47%
money
47%
more
47%
broke
46%
Brooklyn
46%
need
46%
Before
45%
before
45%
crazy
45%
drinkin'
45%
let's
45%
Let's
45%
Rap
45%
wanna
45%
Americana
43%
cute
43%
put
43%
was
43%
you're
43%
Cali
42%
cash
42%
designer?
42%
fancy
42%
I'll
42%
killin'
42%
MIA
42%
singer
42%
chain
41%
as
40%
blinger
40%
walk
40%
bloke
39%
Broadway
39%
persona
39%
thought
39%
next
38%
rubbish
38%
show
38%
coat
37%
Dressed
37%
into
37%
subway
37%
cafe
36%
pound
36%
shopping
36%
soon
36%
still
36%
chick
35%
feel
35%
spirit
35%
West
35%
York's
35%
away
34%
promoter
34%
slick
34%
weekend?
34%
we'll
34%
End
33%
Bet
32%
fresh
32%
hell
32%
lookin'
32%
lovin'
32%
blinkin'
31%
Holler
31%
lyrics
31%
rains
30%
smart
30%
Sneakers
30%
Walkin'
30%
death
29%
Toes
29%
baddest
28%
bespoke
28%
maybe
28%
suit
28%
Mike
27%
wags
27%
those
26%
might
25%
Ribena
25%
shallow
25%
First
23%
lotta
22%
feelin'
20%
blud
19%
brethren
17%
Shell
17%
wagwan
17%
gladdest
15%
their
14%
Pips
12%
rhymer?
12%

Score Distribution

Percentile by Number Answered

Percent of People with Each Score

Your Score History

You have not taken this quiz since the last reset